[Event "Porrada!"]
[Site "http://www.queenalice.com/game.php?id=234762"]
[Date "2007.7.4"]
[Round "-"]
[White "coutoreis"]
[Black "dahora"]
[Result "0-1"]
[WhiteElo "1100"]
[BlackElo "1881"]

1. Nf3 d5 2. b3 Nf6 3. Bb2 e6 4. e3 c5 5. c4 Nc6 6. d4 cxd4 7. Nxd4 Bb4+ 8. Bc3
Qa5 9. Nb5 Ne4 10. Bxb4 Nxb4 11. N1c3 Nxc3 12. Nxc3 Nxa2 13. Qd2 Qxc3 14. Rxa2
Qxb3 15. cxd5 Qxd5 16. Qb4 Qxa2 17. Bb5+ Bd7 18. Bxd7+ Kxd7 19. O-O Qd5 20. Qa4+
b5 21. Qa1 Ke7 22. Qxg7 Rhg8 23. Qxg8 Rxg8 0-1

[Event "Nil capivara!"]
[Site "http://www.queenalice.com/game.php?id=234764"]
[Date "2007.7.4"]
[Round "-"]
[White "coutoreis"]
[Black "Nilcimar"]
[Result "0-1"]
[WhiteElo "1020"]
[BlackElo "1361"]

1. Nf3 c5 2. d4 cxd4 3. c3 dxc3 4. Nxc3 Nc6 5. e4 Nf6 6. Bc4 e6 7. Bg5 Be7 8.
O-O O-O 9. Ne1 Nxe4 10. Nxe4 Bxg5 11. f4 Be7 12. Bd3 Qb6+ 13. Kh1 Qxb2 14. Qh5
g6 15. Qd1 b5 16. Nc2 Rb8 17. Qg4 d5 18. Ng5 e5 19. f5 e4 20. Rab1 Qxa2 21. Ra1
Qb3 22. Ra3 Qb2 23. Nxe4 Ne5 24. Qg3 Nxd3 25. Qxb8 Bxf5 26. Qxa7 Bxa3 27. Ng5
Bc5 28. Qc7 Qxc2 29. Qg3 Nf2+ 30. Qxf2 Bxf2 0-1

[Event "Nil capivara!"]
[Site "http://www.queenalice.com/game.php?id=234765"]
[Date "2007.7.4"]
[Round "-"]
[White "Nilcimar"]
[Black "coutoreis"]
[Result "1-0"]
[WhiteElo "1373"]
[BlackElo "1012"]

1. c4 Nf6 2. Nc3 e6 3. g3 c5 4. Bg2 d5 5. cxd5 exd5 6. d4 Be6 7. Qa4+ Nc6 8. Nf3
a6 9. Bg5 b5 10. Bxf6 Qxf6 11. Nxb5 cxd4 12. Nc7+ Kd7 13. Nxa8 Bb4+ 14. Nd2 Rxa8
15. Rc1 Bg4 16. Bxd5 Bxd2+ 17. Kxd2 Qg5+ 18. f4 Qxd5 19. Qc2 Re8 20. Rhe1 Qg2
21. Qd3 Re3 22. Qxa6 d3 23. Kxe3 Nb4 24. Qa7+ Kd6 25. Qc7+ Ke6 26. Qc8+ Kd6 27.
Qc5+ Kd7 28. Qxb4 Qxh2 29. Qd4+ Ke7 30. Rc7+ Ke8 31. Qe5+ Be6 32. Qb5+ 1-0

[Event "xapolla capivara!"]
[Site "http://www.queenalice.com/game.php?id=234828"]
[Date "2007.7.5"]
[Round "-"]
[White "coutoreis"]
[Black "Eduarte"]
[Result "0-1"]
[WhiteElo "1100"]
[BlackElo "1868"]

1. Nf3 Nf6 2. c4 e6 3. Nc3 d5 4. cxd5 exd5 5. d3 Be7 6. g3 O-O 7. Bg2 d4 8. Nb5
c5 9. Bf4 Qa5+ 10. Nc3 dxc3 11. bxc3 Nc6 12. Qd2 Nd5 13. Rc1 Bf6 14. d4 cxd4 15.
Nxd4 Nxf4 16. Nxc6 Nxg2+ 0-1

[Event "Challenge"]
[Site "http://www.queenalice.com/game.php?id=245726"]
[Date "2007.7.25"]
[Round "-"]
[White "coutoreis"]
[Black "Am0n"]
[Result "1-0"]
[WhiteElo "1062"]
[BlackElo "1493"]

1. Nf3 e6 2. c4 d5 3. cxd5 exd5 4. d4 h5 5. Bf4 Bg4 6. e3 g5 7. Bxg5 f6 8. Bh4
Nh6 9. Bd3 Qd7 10. Bxf6 Rg8 11. Qb3 Nc6 12. Bb5 Bb4+ 13. Nbd2 Qf5 14. Bxc6+ bxc6
15. Qxb4 Qxf6 16. Qb7 Kd7 17. Ne5+ Kd6 18. Qxc6+ Ke7 19. Qxc7+ Ke8 20. Rc1 Rf8
21. Qd7+ Bxd7 22. f3 Qg5 23. Kf2 Bg4 24. Rc7 Qh4+ 25. g3 Qh3 26. Rh7 h4 27. Rxh6
hxg3+ 28. hxg3 Qxh6 29. Rxh6 Bd7 30. Nb3 Bb5 31. Nc5 Rb8 32. Ne6 Rg8 33. Rh7 a5
34. Ra7 a4 35. Nc7+ Ke7 36. Nxb5+ Ke6 37. Ra6+ Kf5 38. g4+ Rxg4 39. fxg4+ Ke4
40. Nc3# 1-0

[Event "Challenge"]
[Site "http://www.queenalice.com/game.php?id=248402"]
[Date "2007.7.30"]
[Round "-"]
[White "igatho42"]
[Black "coutoreis"]
[Result "1-0"]
[WhiteElo "1661"]
[BlackElo "1020"]

1. e4 e6 2. d4 c5 3. dxc5 Bxc5 4. Nf3 Ne7 5. Bb5 O-O 6. Nc3 Qb6 7. O-O f5 8. Qe2
d5 9. exf5 Nxf5 10. Na4 Qc7 11. Nxc5 Qxc5 12. Bd3 Nc6 13. b3 Nce7 14. Ng5 Nd4
15. Qe5 Nxc2 16. Bb2 Rf7 17. Bxh7+ Kf8 18. Nxf7 Kxf7 19. Qxg7+ Ke8 20. Bg6+ Nxg6
21. Qxg6+ Kd7 22. Rac1 1-0

[Event "AUTO-OPEN-778"]
[Site "http://www.queenalice.com/game.php?id=252996"]
[Date "2007.8.8"]
[Round "1"]
[White "winner"]
[Black "coutoreis"]
[Result "1-0"]
[WhiteElo "1772"]
[BlackElo "1062"]

1. e4 Nf6 2. e5 Nd5 3. c4 Nb6 4. Nc3 d6 5. exd6 exd6 6. Na4 Be6 7. Nxb6 axb6 8.
Nf3 Be7 9. d4 d5 10. cxd5 Bxd5 11. Be2 O-O 12. O-O Nd7 13. Nd2 f5 14. Bc4 Nf6
15. Bxd5+ Nxd5 16. Re1 g5 17. h3 Kg7 18. Nf3 h5 19. Bd2 g4 20. hxg4 hxg4 21. Nh2
Nf6 22. Qc1 Rh8 23. Bc3 Nd5 24. Qd2 Bd6 25. Nf1 Qh4 26. f3 g3 27. Nxg3 Bxg3 28.
Kf1 Qh1+ 29. Ke2 Qxg2+ 30. Kd1 Bxe1 31. Qxg2+ 1-0

[Event "AUTO-OPEN-778"]
[Site "http://www.queenalice.com/game.php?id=252997"]
[Date "2007.8.8"]
[Round "1"]
[White "coutoreis"]
[Black "winner"]
[Result "1-0"]
[WhiteElo "1062"]
[BlackElo "1790"]

1. Nf3 e6 2. g3 d5 3. Bg2 Nf6 4. O-O Be7 5. d4 O-O 6. Nc3 Nc6 7. Ne5 Nxe5 8.
dxe5 Nd7 9. e4 Nxe5 10. exd5 exd5 11. Nxd5 Re8 12. Bf4 Bd6 13. Re1 Ng6 14. Rxe8+
Qxe8 15. Bxd6 cxd6 16. Nc7 Qd8 17. Nxa8 Be6 18. Bxb7 Qb8 19. Bg2 Ne5 20. b4 Ng4
21. a4 Qxb4 22. Rb1 Qc5 23. Rb8+ Bc8 24. Qxg4 g6 25. Rxc8+ 1-0

[Event "AUTO-OPEN-778"]
[Site "http://www.queenalice.com/game.php?id=253024"]
[Date "2007.8.8"]
[Round "1"]
[White "dante72"]
[Black "coutoreis"]
[Result "0-1"]
[WhiteElo "1898"]
[BlackElo "1062"]

1. d4 e6 2. e3 c5 3. c3 d5 4. Bb5+ Nc6 5. f4 Qa5 6. Qa4 Bd7 7. Qxa5 Nxa5 8.
Bxd7+ Kxd7 9. b3 Nf6 10. Nd2 Rc8 11. Ngf3 cxd4 12. cxd4 Bb4 13. O-O Rc2 14. Ne5+
Ke7 15. Ndf3 Rhc8 16. a3 Bd6 17. b4 Nb3 18. Rb1 Nxc1 19. Re1 Ne4 20. h3 Ne2+ 21.
Kh2 Ra2 22. Ra1 Rac2 23. Nd3 g5 24. Kh1 gxf4 25. Nxf4 Bxf4 26. exf4 Nxf4 27. Nh4
Rg8 28. g4 Nf2+ 29. Kg1 N2xh3+ 30. Kh1 Nf2+ 31. Kg1 Rxg4+ 32. Kf1 Rxh4 33. Kg1
Rh1# 0-1

[Event "AUTO-OPEN-778"]
[Site "http://www.queenalice.com/game.php?id=253025"]
[Date "2007.8.8"]
[Round "1"]
[White "coutoreis"]
[Black "dante72"]
[Result "1-0"]
[WhiteElo "1062"]
[BlackElo "1882"]

1. Nf3 d5 2. g3 e6 3. Bg2 f5 4. O-O Nc6 5. d4 Nf6 6. Bf4 Bd6 7. Ne5 Bxe5 8. dxe5
Ne4 9. Nd2 O-O 10. f3 Ng5 11. e4 dxe4 12. Qc1 Nd4 13. Rf2 Nc6 14. Nc4 a6 15.
Bxg5 Qe8 16. fxe4 Nd4 17. exf5 Rxf5 18. Be4 Rxf2 19. Kxf2 Qf7+ 20. Qf4 Qh5 21.
g4 Qf7 22. Bxh7+ Kf8 23. Qxf7+ Kxf7 24. Ke3 Nxc2+ 25. Bxc2 Bd7 26. Bh7 Rh8 27.
Rf1+ Ke8 28. Bg6# 1-0